LEADER 01585nam a2200349 i 4500 001 000000169855 003 CaOOAMICUS 005 20220316154732.0 008 080304s1989 it u000 u ita u 013 $a147259 020 $a88-343-0345-8 040 $aSeMil$bita 245 00$aFenomeni naturali e avvenimenti storici nell'antichità /$cAutori Vari ; a cura di Marta Sordi. 264 1$aMilano :$bVita e Pensiero,$c1989. 300 $aIX, 259 p. ;$c22 cm. 490 1 $aScienze storiche ;$v44 490 1 $aContributi dell'Istituto di storia antica ;$v15 541 0 $aFondo card. Giovanni Colombo (3S III 96) 650 4$aDisastri - Antichità classica.$0(OLS)http://semarc/subject/32345 650 4$aTerremoti - Antichità classica.$0(OLS)http://semarc/subject/32346 650 4$aCalamità naturali - Antichità classica.$0(OLS)http://semarc/subject/32347 700 1 $aSordi, Marta,$d<1925-2009>.$0(OLS)http://semarc/name/7587 830 0$aScienze storiche ;$v44.$0(OLS)http://semarc/title/9338 830 0$aContributi dell'Istituto di storia antica ;$v15.$0(OLS)http://semarc/title/10469 850 $aSeMil 852 $aSeMil$W1$xVenegono$y1$m3S III 96$j120759$B120759$CSeMilBibl$Z2$F173845 $81 941 1 $a3 961 $aLascito: Colombo Card. Giovanni 996 $6020$a88-343-0345-8$9(OLS)http://semarc/number/156774 996 $6245$aFenomeni naturali e avvenimenti storici nell'antichità$9(OLS)http://semarc/title/242882 996 $6264$aMilano :$bVita e Pensiero$9(OLS)http://semarc/publisher/29642 LEADER 00966nam a2200229 4500 001 000000356266 003 CaOOAMICUS 005 20231130100421.0 008 231130s2015 vc 000 u ita r 020 $a978-88-209-9603-1 040 $aSeMil$bita 041 $aita$alat 245 00$a3: La Sentenza ; Appendici. 264 1$aRoma :$bLibreria Editrice Vaticana,$c2015. 300 $aXCVII, 1015 p. ;$c25 cm 773 0 $tProcesso inquisitoriale del cardinal Giovanni Morone.$dRoma : Libreria Editrice Vaticana, 2011-2015.$bNuova ed. critica$kFontes archivi Sancti officii Romani$g3$w()356263 850 $aSeMil 852 $aSeMil$W1$xVenegono$y1$m3A V 385$j244918$B247504$CSeMilBibl$Z2$F247504 $81 996 $6020$a978-88-209-9603-1$9(OLS)http://semarc/number/299392 996 $6245$a3: La Sentenza ; Appendici$9(OLS)http://semarc/title/446531 996 $6264$aRoma :$bLibreria Editrice Vaticana$9(OLS)http://semarc/publisher/34999 LEADER 01534nam a2200313 i 4500 001 000000241407 003 CaOOAMICUS 005 20251212141512.0 008 150522s1697 ne u000 u fre u 013 $a220312 026 $aa-s, e.m- tses daba (3) 1697 (A) 040 $aSeMil$bita 100 1 $aRémond des Cours, Nicolas.$0(OLS)http://semarc/name/81740 245 14$aLes veritables devoirs de l'homme d'epée. Particulierement d'un gentilhomme. Qui veut réussir dans les armées. Par l'auteur de la Lettre d'Eloïse à Abélard. 250 $aSuivant la Copie de Paris. 260 $aA Amsterdam :$bChez Adrian Braakman,$c1697. 300 $a[16], 244, [8] p., [1] carta di tav. :$bantip. ;$c18°. 500 $aMarca (monogramma dell'ed.) su front. stampato in rosso e nero 500 $aIniz., testatine xilogr. 500 $aSegn.: *8 chi1 A-K12 L4. 650 4$aEsercito francese - Soldati - Condotta.$0(OLS)http://semarc/subject/42348 700 1 $aBraakman, Adriaan,$c.$0(OLS)http://semarc/name/14561 850 $aSeMil 852 $aSeMil$W1$xVenegono$y1$m3F I 337 FA$j191753$B191753$CSeMilBibl$Z2$F202560 $8I 941 1 $a10 961 $aRecupero: Mantegazza 996 $6245$aLes veritables devoirs de l'homme d'epée. Particulierement d'un gentilhomme. Qui veut réussir dans les armées. Par l'auteur de la Lettre d'Eloïse à Abélard$9(OLS)http://semarc/title/343120 996 $6260$aA Amsterdam :$bChez Adrian Braakman$9(OLS)http://semarc/publisher/54574 LEADER 01762nam a2200325 i 4500 001 000000019809 003 CaOOAMICUS 005 20210222104643.0 008 180830s1949 fr u000 u und u 040 $aSeMil$bita 100 1 $aBalzac, Honoré : de,$d<1799-1850>.$0(OLS)http://semarc/name/3887 245 13$aLa comédie humaine /$cBalzac ; texte établi par Marcel Bouteron. 260 $a[Paris] :$bGallimard,$c1949-1959. 300 $a11 v. ;$c19 cm. 700 1 $aBouteron, Marcel.$0(OLS)http://semarc/name/8855 774 0 $tÉtudes de moeurs.$kBibliothèque de la Pléiade$g1$w()38218 774 0 $tÉtudes de moeurs.$kBibliothèque de la Pléiade$g2$w()38221 774 0 $tÉtudes de moeurs.$kBibliothèque de la Pléiade$g3$w()38222 774 0 $tÉtudes de moeurs.$kBibliothèque de la Pléiade$g4$w()38224 774 0 $tÉtudes de moeurs.$kBibliothèque de la Pléiade$g5$w()38225 774 0 $tÉtudes de moeurs.$kBibliothèque de la Pléiade$g6$w()38226 774 0 $tÉtudes de moeurs.$kBibliothèque de la Pléiade$g7$w()38227 774 0 $tÉtudes de moeurs.$kBibliothèque de la Pléiade$g8$w()38228 774 0 $tÉtudes philosophiques, 1.$kBibliothèque de la Pléiade$g9$w()38229 774 0 $aBalzac, Honoré : de <1799-1850>$tContes drolatiques précédés de La Comédie Humaine (oeuvres Ébauchées, 2.$dParis : Gallimard, 1959.$kBibliothèque de la Pléiade$g[11$w()38234 774 0 $tÉtudes philosophiques, 2. ; Études analytiques.$kBibliothèque de la Pléiade$g10$w()173323 830 0$aBibliothèque de la Pléiade.$0(OLS)http://semarc/title/42418 996 $6245$aLa comédie humaine$9(OLS)http://semarc/title/26070 996 $6260$a[Paris] :$bGallimard$9(OLS)http://semarc/publisher/30050 LEADER 00925nam a2200205 i 4500 001 000000062627 003 CaOOAMICUS 005 20130307000000.0 008 130307s1984 it u000 u ita u 013 $a33799 040 $aSeMil$bita 100 1 $aDogo, Leone.$0(OLS)http://semarc/name/31705 245 10$aMedjugorje :$bultimi sviluppi. Le ragioni dell'entusiasmo e quelle della prudenza /$cLeone Dogo. 260 $a[S.l.] :$bCarroccio,$cstampa 1984$e(Cadoneghe :$fTipografia Valentini,$gstampa 1984) 300 $a64 p. ;$c18 cm. 650 4$aMadonna - Apparizioni - Medugorje.$0(OLS)http://semarc/subject/5717 850 $aSeMil 852 $aSeMil$W1$xVenegono$y1$m2L IV 185$j28780$B28780$CSeMilBibl$Z2$F28783 $81 996 $6245$aMedjugorje :$bultimi sviluppi. Le ragioni dell'entusiasmo e quelle della prudenza$9(OLS)http://semarc/title/98626 996 $6260$a[S.l.] :$bCarroccio$9(OLS)http://semarc/publisher/42421 LEADER 01295nam a2200313 i 4500 001 000000124359 003 CaOOAMICUS 005 20210806135804.0 008 040401s2004 it u000 u ita u 013 $a97056 020 $a88-7016-510-8 040 $aSeMil$bita 100 1 $aLuther, Martin$b<1483-1545>.$0(OLS)http://semarc/name/305 245 10$aSermoni e scritti sul battesimo :$b1519-1546 /$ca cura di Gino Conte. 264 1$aTorino :$bClaudiana,$c2004. 300 $a416 p., [4] carte di tav. :$bill. ;$c22 cm. 490 0 $aLutero: Opere scelte ;$v10 650 4$aBattesimo - Teologia liturgica.$0(OLS)http://semarc/subject/7031 650 4$aBattesimo - Omelie.$0(OLS)http://semarc/subject/1395 700 1 $aConte, Gino,$d<1931-2006>.$0(OLS)http://semarc/name/15789 830 0$aLutero: Opere scelte ;$v10.$0(OLS)http://semarc/title/565 850 $aSeMil 852 $aSeMil$W1$xVenegono$y1$m2BA F 16$j227757$B78949$CSeMilBibl$Z2$F81542 $81 900 1 $aMartin Lutero. 996 $6020$a88-7016-510-8$9(OLS)http://semarc/number/110130 996 $6245$aSermoni e scritti sul battesimo :$b1519-1546$9(OLS)http://semarc/title/183006 996 $6264$aTorino :$bClaudiana$9(OLS)http://semarc/publisher/29837